| 000 | 00863nam a2200265Ia 4500 | ||
|---|---|---|---|
| 003 | OSt | ||
| 005 | 20220918171242.0 | ||
| 006 | a|||||r|||| 00| 0 | ||
| 007 | ta | ||
| 008 | 220917b |||||||| |||| 00| 0 eng d | ||
| 020 |
_a9781442275362 (pbk) _cUKP 39.95 |
||
| 024 | _a353,245 | ||
| 037 |
_b59713, 27/12/2020, Segment Book Distributors _cTextual |
||
| 040 |
_aARTS _cARTS _beng |
||
| 041 |
_2eng _aeng |
||
| 082 | _aV73:19, Q8 | ||
| 100 |
_aMcCormick James M. Ed. _935103 |
||
| 245 | 0 |
_aDomestic sources of american foreign policy _b insights and evidence |
|
| 250 | _a7th | ||
| 260 |
_aLanham _bRowman & Littefield Maryland _c2018 |
||
| 300 |
_axiii,415p. _ccm. |
||
| 650 |
_aFOREIGN RELATIONS _932171 |
||
| 942 |
_hV73:19, Q8 _cTEXL _2CC |
||
| 999 |
_c138586 _d138586 |
||